000 00731nam a22002417a 4500
003 UA-OsUOA
001 76395
007 ta
008 20110701b un ||||| |||| 00| 0 ukr d
100 _aВехвіляйнен О.
090 _a94(480)"1939/1945"
_bВ39
942 _cBK
040 _aUA-OsUOA
_bukr
_cUA-OsUOA
_dUA-OsUOA
245 _aФінляндія в другій світовій війні: між Німеччиною і Росією
300 _a247 с.
955 _a2
041 _aukr
080 _a94(480)"1939/1945"
020 _a978-966-8201-47-9
260 _aК.
_bТемпора
_c2010
650 7 _a9 Географія. Біографії. Історія
_2UDC
999 _c362697
_d362697